00301nam a2200121Ia 4500008004100000041000800041082001600049100001800065245003700083260003500120300001700155365000700172240624s9999 xx 000 0 und d aeng a005.133 LIB aLIBERTY JESSE aC AN INTRODUCTION TO PROGRAMMING c2001aNew DelhibPrentice-Hall axxiii, : 680 cRS